Päťročné plány a štrukturálne zmeny v národnom hospodárstve Iraku analýza vzťahu plánovania a štrukturálnych zmien v jednotlivých vývojových etapách

Gespeichert in:
Bibliographische Detailangaben
1. Verfasser: Ahmed, Rejab Ali
Körperschaft: Vysoká škola ekonomická v Bratislave. Národohospodárska fakulta
Weitere Verfasser: Mokrý, Vladimír
Format: Buch
Sprache:Slowakisch
Veröffentlicht: Bratislava 1985
Tags: Tag hinzufügen
Keine Tags, Fügen Sie das erste Tag hinzu!

MARC

LEADER 00000nam a2200000 4500
001 c037789
005 20230116121552.8
041 0 |a slo 
044 |a SK 
245 1 0 |a Päťročné plány a štrukturálne zmeny v národnom hospodárstve Iraku  |b analýza vzťahu plánovania a štrukturálnych zmien v jednotlivých vývojových etapách  |c Rejab Ali Ahmed ; Ved. práce Vladimír Mokrý 
264 1 |a Bratislava  |c 1985 
300 |a 162 s. 
100 1 |a Ahmed, Rejab Ali 
700 1 |a Mokrý, Vladimír 
710 2 |a Vysoká škola ekonomická v Bratislave. Národohospodárska fakulta